BSOP header

Hed ha-levavot / (Record no. 44309)

MARC details
000 -LEADER
fixed length control field 01043cam a2200289 a 4500
001 - CONTROL NUMBER
control field 16763633
005 - DATE AND TIME OF LATEST TRANSACTION
control field 20181031084446.0
008 - FIXED-LENGTH DATA ELEMENTS--GENERAL INFORMATION
fixed length control field 110505s2011 is a 000 0 heb
010 ## - LIBRARY OF CONGRESS CONTROL NUMBER
LC control number 2011407752
020 ## - INTERNATIONAL STANDARD BOOK NUMBER
International Standard Book Number 9789655342369
020 ## - INTERNATIONAL STANDARD BOOK NUMBER
International Standard Book Number 9655342360
041 0# - LANGUAGE CODE
Language code of text/sound track or separate title heb
-- eng
100 1# - MAIN ENTRY--PERSONAL NAME
Linkage 880-01
Personal name Ovadia, Meir.
245 10 - TITLE STATEMENT
Linkage 880-02
Title Hed ha-levavot /
Statement of responsibility, etc Meʼir ʻOvadiah.
246 3# - VARYING FORM OF TITLE
Title proper/short title Echo of hearts
260 ## - PUBLICATION, DISTRIBUTION, ETC. (IMPRINT)
Date of publication, distribution, etc c2011.
Place of publication, distribution, etc Tel-Aviv :
Name of publisher, distributor, etc Geṿanim,
300 ## - PHYSICAL DESCRIPTION
Extent 148 p. :
Other physical details ill. ;
Dimensions 22 x 25 cm.
336 ## - CONTENT TYPE
Content Type Term text
337 ## - MEDIA TYPE
Media Type Term unmediated
338 ## - CARRIER TYPE
Carrier Type Term volume
546 ## - LANGUAGE NOTE
Language note Hebrew and English.
880 1# - ALTERNATE GRAPHIC REPRESENTATION
Linkage 100-01/(2/r‏
a ‏עובדיה, מאיר.
880 10 - ALTERNATE GRAPHIC REPRESENTATION
Linkage 245-02/(2/r‏
a ‏הד לבבות /‏
c ‏מאיר עובדיה.
880 ## - ALTERNATE GRAPHIC REPRESENTATION
Linkage 260-00/(2/r‏
a ‏תל-אביב :‏
b ‏[גוונים],‏
c ‏‪c2011‬.
942 ## - ADDED ENTRY ELEMENTS (KOHA)
Source of classification or shelving scheme Library of Congress Classification
Item type Books
Holdings
Withdrawn status Lost status Source of classification or shelving scheme Damaged status Not for loan Home library Current library Shelving location Date acquired Source of acquisition Inventory number Total Checkouts Full call number Barcode Date last seen Price effective from Koha item type Copy number
    Library of Congress Classification     BSOP Library BSOP Library David Weisberg Collection 10/17/2018 Donated by Dr. David and Oprah Weisberg 43880   PJ5055 Ov1 2011 00054880 10/17/2018 10/17/2018 Books  
    Library of Congress Classification     BSOP Library BSOP Library GC 10/26/2018 Donated by Dr. David and Oprah Weisberg 44179   PJ5055 Ov1 2011 c.2 00055179 10/26/2018 10/26/2018 Books c.2
    Library of Congress Classification     BSOP Library BSOP Library GC 10/26/2018 Donated by Dr. David and Oprah Weisberg 44180   PJ5055 Ov1 2011 c.3 00055180 10/26/2018 10/26/2018 Books c.3
BSOP

Biblical Seminary of the Philippines
  All rights Reserved
  © 2024

CONTACT INFORMATION

Biblical Seminary of the Philippines,
  77-B Karuhatan Road, Valenzuela City,
  PHILIPPINES 1441
  Phone: +632 8292-6795 / 8292-6798
  Fax : +632 8292-6675
  Email: library@bsop.edu.ph